Quizzes
Events
Quiz Creation
Community
Videos
Private Events
Remove Ads
Sign In
Join for FREE
Feedback
Dark Mode
Quiz Categories
Sports
Geography
Music
Movies
Television
Just For Fun
Miscellaneous
History
Literature
Language
Science
Gaming
Entertainment
Religion
Holiday
For Kids
Quiz Lab
Recent
Popular Today
Quiz Kudos Today
Editor Picks
Curator Picks
Quizzes by...
Day
Popularity
Type
Ratings
Length
Year
Community
Subscriptions
Recent Discussions
Orange Saloon
Badges
Playlists
Quests
Create
Leaderboards
Showdown
Live 5
Trivia Bingo
Activity
Puzzle Library
Sporcle Events
Private Events
Virtual Trivia
Globe League
Become a Host
Pub Owners
SporcleCon
Opinionation
Our Games
Videos
Blog
Mobile Apps
Partnerships
Remove Ads and Go Orange
Feedback
Miscellaneous
Crossword
General Knowledge
Baby Names
Logo
Food
Cars
Numbers
Grab Bag
University
College
Popular
Company
Slogans
Restaurants
Justice
Letter
Miscellaneous
Crossword
General Knowledge
Baby Names
Logo
Food
Cars
Numbers
Grab Bag
University
College
Popular
Company
Slogans
Restaurants
Justice
Letter
Random Quiz
Search Sporcle
×
Quiz Lab
Quiz Lab
Miscellaneous
station
Type in answers that appear in a list
Type in answers that appear in a list
Classic
Best Score? Go Orange.
Name the Vancouver Skytrain Station Stats
Can you name the Vancouver Skytrain Station?
By
CoolNucks95
5m
47 Questions
101 Plays
101 Plays
101 Plays
Comments
Comments
Give Quiz Kudos
Give Quiz Kudos
-
- Ratings
hide this ad
Replay
Link that replays current quiz
Next Quiz
Link to next quiz in quiz playlist
You Got
0%
They Got
Avg Score
52%
Avg Friend Score
Upgrade to see
Score Distribution
Jump to the score distribution portion of the page
Score
0/47
Timer
05:00
0
Plays Today
% Correct
Waterfront
93.9%
Granville
84.8%
Burrard
81.8%
Commercial-Broadway
77.8%
Stadium-Chinatown
75.8%
Main St-Science World
75.8%
Metrotown
75.8%
Joyce-Collingwood
68.7%
Nanaimo
65.7%
King George
65.7%
YVR-Airport
63.6%
29th Ave
61.6%
Lougheed Town Centre
61.6%
Patterson
60.6%
New Westminster
59.6%
Surrey Central
58.6%
Brentwood Town Centre
54.5%
Yaletown-Roundhouse
54.5%
VCC-Clark
53.5%
Olympic Village
53.5%
22nd St
52.5%
Edmonds
51.5%
Columbia
51.5%
Bridgeport
51.5%
% Correct
Royal Oak
49.5%
Richmond-Brighouse
49.5%
Braid
48.5%
Renfrew
48.5%
King Edward
47.5%
Scott Road
46.5%
Rupert
46.5%
Vancouver City Centre
44.4%
Langara-49th Ave
44.4%
Gateway
43.4%
Sapperton
43.4%
Oakridge-41st Ave
43.4%
Aberdeen
39.4%
Production Way-University
38.4%
Gilmore
38.4%
Holdom
37.4%
Marine Drive
37.4%
Sperling-Burnaby Lake
34.3%
Lake City Way
33.3%
Broadway-City Hall
33.3%
Lansdowne
31.3%
Templeton
30.3%
Sea Island Centre
25.3%
Quiz Playlist
Details
Report
Send in Message
Add To Playlist
Classic:
Type in answers that appear in a list
Last Updated: Feb 16, 2017
Quiz Scoreboard
CHALLENGE
Sign Up to Join the Scoreboard
Show All
Scores
Hide
Comments
May contain spoilers
Recently Published
NBA Finals Game Top Scorers (2010s)
by flibbidy
Sports
5m
Guess the 'R' Things in 3 Words
by MSUKent
Miscellaneous
3m
Actor to Badly Drawn Movie III
by MoMosMoProblems
Movies
5m
More to Explore
Quiz From the Vault
Featured Blog Post
Where Does Lost Luggage Go?
hide this ad
You Might Also Like...
Tags
station
Vancouver
Today's Top Quizzes in Miscellaneous
Browse Miscellaneous
hide this ad
Today's Top Quizzes in station
Browse station
Top Contributed Quizzes in Miscellaneous
1
The JOE quick-fire general knowledge quiz: Day 166
2
The JOE quick-fire general knowledge quiz: Day 165
3
Guess the 'S' Things in 3 Words
4
Guess the 'T' Things in 3 Words
5
Guess the 'V' Things in 3 Words
6
Guess the 'W' Things in 3 Words
7
Guess the 'Y' Things in 3 Words
8
Sporcle Acrostic Puzzle XXXV
9
The JOE quick-fire general knowledge quiz: Day 164
10
Sunday Crossword: Under the Bridge
Explore More
Trending Topics
Marvel
Harry Potter
Disney
NBA
Kpop
Anime
Crossword
Puzzle
Soccer
Country
Pokémon
The Office
WWE
Song
NFL
hide this ad
More By:
CoolNucks95
Quiz
Plays
Rating
Category
Featured
Created
Name the Vancouver Skytrain Station
101
3.00
Miscellaneous
Nov 12, 2009
Go to Creator's Profile
Score Distribution
Quiz Creator Spotlight
CoolNucks95
Follow
Send a Message
Quizzes Created
-
Created Quiz Play Count
-
More By This Creator
Popular Quizzes Today
1
Find the US States - No Outlines Minefield
2
Find the US States
3
The Countries of the World
4
10 Largest US States in Order
5
Find the Countries of Europe - No Outlines Minefield
6
US States
7
Guess the 'R' Things in 3 Words
8
NBA Finals Game Top Scorers (2010s)
More Miscellaneous Quizzes
Strange and Creepy Facts II
Published
Trending Quizzes
First Name TV: Leading Men
Match the Book to the Film II
First Name TV: Leading Women Drama
Pick A Pair: Religious TV
Match the Book to the Film VI
Recently Updated
Women's Final Four Teams by Year
bhenderson79
Presidents Quartet II
eogle
Anything But Clue(do)
eogle
Anything But Oceanian Capitals
eogle
Anything But 7
eogle
Anything But Thing
eogle
Word Ladder: February 29
pecheneg
Song Title Questions
pecheneg
Women's NCAA Tournament #1 Seeds
pecheneg
Celebrity Mug Shots
pecheneg
Trending Topics
NBA
Marvel
Anime
Kpop
Disney
Harry Potter
Crossword
WWE
NFL
Song
Country
Soccer
Puzzle
The Office
Pokémon
Your Account Isn't Verified!
In order to create a playlist on Sporcle, you need to verify the email address you used during registration. Go to your
Sporcle Settings
to finish the process.
Report this User
Report this user for behavior that violates our
Community Guidelines
.
Details:
Send Report
Go to the Sporcle.com Mobile Site →
Comments